000 00455nam a2200169Ia 4500
008 230718s9999 xx 000 0 und d
020 _a9789351102342
041 _aeng
082 _a005.74
_bROB
100 _aRobinson I.
_9195066
245 _aGraph Databases
260 _c2013
_bO'Reilly/SPD
300 _a208
365 _cRs.
_b400.00
700 _aRobinson I.; Webber J. & Eifrem E.
_9195067
906 _dO:18-Oct-2013B:403010-Sep-2013
_cCOMP
_b88
999 _c333854
_d333854